000 00629cam a22002053a 4500
001 36566
003 PGUSA
005 20140828083806.0
008 110630s2011||||xxu|||||s|||||000 | eng d
040 _aPGUSA
_beng
042 _adc
100 1 _aHubbard, Elbert,
_d1856-1915
245 1 4 _aThe Roycroft Dictionary :
_bConcocted by Ali Baba and the Bunch on Rainy Days.
_h[electronic resource] /
_cElbert Hubbard
260 _bProject Gutenberg,
_c2011
506 _aPublic domain in the USA.
516 _aElectronic text
830 0 _aProject Gutenberg
_v36566
856 4 0 _uhttp://www.gutenberg.org/ebooks/36566
942 _cEB
999 _c265821
_d265821